Les 24 films de James Bond - Statistiques

Statistiques générales
  • Ce quiz a été pris 478 fois
  • Le résultat moyen est 16 sur 24
Statistiques - réponses
Année Film % Correct
2006 Casino Royale
89%
2012 Skyfall
87%
1962 James Bond 007 contre Dr. No
85%
1995 GoldenEye
84%
2015 Spectre
84%
1964 Goldfinger
81%
2008 Quantum of Solace
78%
1963 Bons baisers de Russie
73%
1997 Demain ne meurt jamais
71%
2002 Meurs un autre jour
68%
1983 Octopussy
66%
1979 Moonraker
65%
1969 Au service secret de sa majeste
64%
1971 Les diamants sont éternels
62%
1989 Permis de tuer
62%
1974 L'Homme au pistolet d'or
57%
1977 L'Espion qui m'aimait
56%
1999 Le monde ne suffit pas
54%
1965 Opération Tonnerre
53%
1967 On ne vit que deux fois
51%
1981 Rien que pour vos yeux
51%
1987 Tuer n'est pas jouer
51%
1973 Vivre et laisser mourir
51%
1985 Dangereusement vôtre
44%
Aucun quiz correspondant
Distribution des résultats
% des personnes avec chaque résultat
Percentile par nombre de réponses
Votre historique - résultats
Vous n’avez pas pris ce quiz